[Event "Oberfranken-ch"]
[Site "Schney"]
[Date "2018.01.04"]
[Round "4"]
[White "Voelker, Daniel"]
[Black "Rein, Iwan"]
[Result "0-1"]
[WhiteElo "1684"]
[BlackElo "2090"]
[PlyCount "104"]
[EventDate "2018.01.03"]
[EventType "swiss"]
[EventRounds "7"]
[EventCountry "GER"]
[SourceTitle "CBM 182 Extra"]
[Source "ChessBase"]
[SourceDate "2018.02.23"]
[SourceVersion "1"]
[SourceVersionDate "2018.02.23"]
[SourceQuality "1"]

1. d4 Nf6 2. c4 e6 3. Nc3 Bb4 4. Qc2 0-0 5. Nf3 c5 6. dxc5 Na6 7. e3 Nxc5 8. Be2 b6 9. 0-0 Bxc3 10. Qxc3 Bb7 11. b3 d6 12. Bb2 e5 13. Rfd1 Qe7 14. Nd2 Nfe4 15. Nxe4 Nxe4 16. Qd3 Rad8 17. f3 Nc5 18. Qc3 f5 19. Qe1 Qg5 20. Qf2 a5 21. Rd2 Qe7 22. Rad1 Kh8 23. Ba3 Bc6 24. Bxc5 dxc5 25. Rxd8 Rxd8 26. Rxd8+ Qxd8 27. Qf1 f4 28. Qd1 Qxd1+ 29. Bxd1 fxe3 30. Kf1 Kg8 31. Ke2 Kf7 32. Kxe3 Kf6 33. Bc2 h5 34. h4 Bd7 35. g3 g5 36. Bd3 gxh4 37. gxh4 a4 38. Ke4 Bf5+ 39. Ke3 Bxd3 40. Kxd3 Kf5 41. Ke3 a3 42. Ke2 Kf4 43. Kf2 e4 44. fxe4 Kxe4 45. Kg3 Ke3 46. Kg2 Kf4 47. Kh3 Kf3 48. Kh2 Kg4 49. Kg2 Kxh4 50. Kh2 Kg4 51. Kg2 Kf4 52. Kf2 Ke4 0-1

[Event "Landesliga Nord 1718"]
[Site "Bayern"]
[Date "2017.11.12"]
[Round "2.6"]
[White "Rein, Iwan"]
[Black "Mittag, Ralf"]
[Result "0-1"]
[WhiteElo "1988"]
[BlackElo "2088"]
[PlyCount "64"]
[EventDate "2017.10.22"]
[EventType "team-tourn"]
[EventRounds "9"]
[EventCountry "GER"]
[SourceTitle "EXT 2022"]
[Source "ChessBase"]
[SourceDate "2021.10.06"]
[SourceVersion "1"]
[SourceVersionDate "2021.10.06"]
[SourceQuality "1"]
[WhiteTeam "Bindlach Aktionaer II"]
[BlackTeam "Bamberg SC"]
[WhiteTeamCountry "GER"]
[BlackTeamCountry "GER"]

1. d4 g6 2. c4 Bg7 3. Nc3 d6 4. e4 Nc6 5. Be3 e5 6. Nge2 f5 7. f3 Nf6 8. d5 Ne7 9. h3 0-0 10. Qd2 a6 11. g4 b5 12. exf5 gxf5 13. g5 Nh5 14. c5 b4 15. Na4 f4 16. Bf2 Rb8 17. 0-0-0 Bd7 18. c6 Be8 19. Ng1 Bf7 20. Bc4 Nxc6 21. Ne2 Ne7 22. b3 Bg6 23. Ba7 Ra8 24. Bf2 a5 25. Rhg1 Qd7 26. Rh1 Qf5 27. Bd3 Qxg5 28. Rhg1 Qf6 29. Rg4 Nf5 30. Be4 Nhg3 31. Nxg3 fxg3 32. Bxg3 Bh6 0-1

[Event "Oberfranken-ch"]
[Site "Schney"]
[Date "2015.01.03"]
[Round "1"]
[White "Hassa, Marcus"]
[Black "Rein, Iwan"]
[Result "1-0"]
[WhiteElo "1892"]
[BlackElo "2164"]
[PlyCount "105"]
[EventDate "2015.01.03"]
[EventType "swiss"]
[EventRounds "7"]
[EventCountry "GER"]
[SourceTitle "CBM 164 Extra"]
[Source "ChessBase"]
[SourceDate "2015.03.02"]
[SourceVersion "1"]
[SourceVersionDate "2015.03.02"]
[SourceQuality "1"]

1. e4 e6 2. Qe2 Be7 3. g3 d5 4. d3 Nf6 5. Nf3 c5 6. Bg2 Nc6 7. e5 Nd7 8. 0-0 Qc7 9. Re1 a6 10. Nbd2 b5 11. h4 Bb7 12. Nf1 h6 13. N1h2 Nb6 14. h5 0-0-0 15. Bf4 Kb8 16. Ng4 Nd4 17. Qd1 Na4 18. Rb1 Rc8 19. c3 Nf5 20. Ne3 Nxe3 21. Bxe3 Nb6 22. b3 c4 23. bxc4 dxc4 24. Bxb6 Qxb6 25. a4 cxd3 26. axb5 axb5 27. Qxd3 b4 28. cxb4 Rhd8 29. Qe3 Qxe3 30. Rxe3 Rc4 31. Ne1 Bxg2 32. Kxg2 Rd2 33. Rbb3 Bg5 34. Rec3 Rxc3 35. Rxc3 Rd5 36. f4 Be7 37. Nd3 Rd4 38. Rb3 Kc7 39. Kf3 Kb6 40. Ke3 Rc4 41. Ra3 Rc8 42. Nc5 Bxc5+ 43. bxc5+ Rxc5 44. Ra8 Rc3+ 45. Kf2 Rc2+ 46. Kf3 Rh2 47. Rg8 f6 48. exf6 gxf6 49. Rg6 Rxh5 50. Rxf6 Kc7 51. Rxe6 Kd7 52. Re5 Rh2 53. Kg4 1-0

[Event "Regionalliga NW 1213"]
[Site "Bayern"]
[Date "2013.01.13"]
[Round "5.3"]
[White "Rein, Iwan"]
[Black "Strobel, Walter"]
[Result "1/2-1/2"]
[WhiteElo "2089"]
[BlackElo "2057"]
[PlyCount "57"]
[EventDate "2012.10.14"]
[EventType "team-tourn"]
[EventRounds "9"]
[EventCountry "GER"]
[SourceTitle "EXT 2015"]
[Source "ChessBase"]
[SourceDate "2014.11.20"]
[SourceVersion "1"]
[SourceVersionDate "2014.11.20"]
[SourceQuality "1"]
[WhiteTeam "Kirchenlaibach"]
[BlackTeam "Klingenberg/Main"]
[WhiteTeamCountry "GER"]
[BlackTeamCountry "GER"]

1. d4 Nf6 2. c4 e6 3. Nc3 d5 4. Nf3 c6 5. e3 Nbd7 6. Bd3 dxc4 7. Bxc4 b5 8. Bd3 a6 9. a4 Bb7 10. 0-0 b4 11. Ne4 c5 12. Nxf6+ Nxf6 13. Qe2 cxd4 14. exd4 Be7 15. Bf4 0-0 16. Rfd1 Qa5 17. Qe5 Qxe5 18. Nxe5 Rfd8 19. Nc4 Nd5 20. Be5 a5 21. Be4 Ra7 22. Bf3 Ba8 23. Ne3 h6 24. Rac1 Bg5 25. Re1 Be7 26. Re2 Bg5 27. Ree1 Be7 28. Rc4 Rad7 29. Rcc1 1/2-1/2

[Event "Oberfranken-ch"]
[Site "Schney"]
[Date "2011.01.05"]
[Round "5"]
[White "Rein, Iwan"]
[Black "Baumgaertner, Frank"]
[Result "1-0"]
[WhiteElo "2073"]
[BlackElo "1763"]
[PlyCount "55"]
[EventDate "2011.01.03"]
[EventType "swiss"]
[EventRounds "7"]
[EventCountry "GER"]
[SourceTitle "EXT 2015"]
[Source "ChessBase"]
[SourceDate "2014.11.20"]
[SourceVersion "1"]
[SourceVersionDate "2014.11.20"]
[SourceQuality "1"]

1. d4 d5 2. c4 e5 3. dxe5 d4 4. Nf3 Nc6 5. a3 Be6 6. Nbd2 Qd7 7. b4 Nge7 8. b5 Na5 9. Qa4 b6 10. Bb2 c5 11. bxc6 Nexc6 12. Nxd4 Rd8 13. e3 Bc5 14. N2b3 Bxd4 15. Nxd4 b5 16. cxb5 Nxd4 17. exd4 Nb3 18. Rd1 0-0 19. Bc4 Bxc4 20. Qxc4 Na5 21. Qb4 Nb7 22. 0-0 Qd5 23. Rc1 Rfe8 24. Rc7 Re6 25. Qc4 Qe4 26. Rc1 Rg6 27. Qxf7+ Kh8 28. g3 1-0

[Event "Oberfranken-ch"]
[Site "Schney"]
[Date "2011.01.03"]
[Round "1"]
[White "Rein, Iwan"]
[Black "Pfadenhauer, Johannes"]
[Result "1-0"]
[WhiteElo "2073"]
[BlackElo "1926"]
[PlyCount "37"]
[EventDate "2011.01.03"]
[EventType "swiss"]
[EventRounds "7"]
[EventCountry "GER"]
[SourceTitle "EXT 2015"]
[Source "ChessBase"]
[SourceDate "2014.11.20"]
[SourceVersion "1"]
[SourceVersionDate "2014.11.20"]
[SourceQuality "1"]

1. d4 Nf6 2. c4 g6 3. Nc3 Bg7 4. e4 d6 5. f3 0-0 6. Be3 Nc6 7. Nge2 a6 8. Qd2 Rb8 9. a4 Nd7 10. Rb1 e5 11. d5 Ne7 12. Nc1 f5 13. Be2 fxe4 14. fxe4 Nf6 15. Bg5 Ng4 16. h3 h6 17. Bxe7 Qxe7 18. hxg4 Rf4 19. Nd3 1-0

[Event "Bayern-ch 81st"]
[Site "Bad Koenigshofen"]
[Date "2010.08.24"]
[Round "3"]
[White "Rein, Iwan"]
[Black "Shashkin, Igor"]
[Result "1/2-1/2"]
[WhiteElo "2071"]
[BlackElo "2075"]
[PlyCount "67"]
[EventDate "2010.08.22"]
[EventType "swiss"]
[EventRounds "9"]
[EventCountry "GER"]
[SourceTitle "EXT 2015"]
[Source "ChessBase"]
[SourceDate "2014.11.20"]
[SourceVersion "1"]
[SourceVersionDate "2014.11.20"]
[SourceQuality "1"]

1. d4 d5 2. Nf3 Nc6 3. Bf4 Nf6 4. e3 e6 5. Be2 Bd6 6. 0-0 0-0 7. Nbd2 Ne4 8. Bxd6 cxd6 9. c4 Nxd2 10. Qxd2 dxc4 11. Bxc4 d5 12. Bd3 Bd7 13. Rac1 Rc8 14. Rc5 Qe7 15. a3 f6 16. b4 a6 17. Rfc1 Qd6 18. h3 g6 19. e4 dxe4 20. Bxe4 b6 21. R5c3 Ne7 22. Bb7 Rxc3 23. Qxc3 Nd5 24. Qd2 Bb5 25. g3 Rb8 26. Qh6 Ne7 27. Be4 Bc6 28. Qh4 Kg7 29. Bxc6 Nxc6 30. Qe4 Ne7 31. Re1 Kf7 32. Qh4 Kg7 33. Qe4 Kf7 34. Qh4 1/2-1/2

[Event "Oberfranken-ch M 0910"]
[Site "Schney"]
[Date "2010.01.06"]
[Round "7"]
[White "Rein, Iwan"]
[Black "Wunder, Stefan"]
[Result "1-0"]
[WhiteElo "2000"]
[BlackElo "2145"]
[PlyCount "79"]
[EventDate "2010.01.03"]
[EventType "swiss"]
[EventRounds "7"]
[EventCountry "GER"]
[SourceTitle "EXT 2015"]
[Source "ChessBase"]
[SourceDate "2014.11.20"]
[SourceVersion "1"]
[SourceVersionDate "2014.11.20"]
[SourceQuality "1"]

1. d4 g6 2. c4 Bg7 3. Nc3 d6 4. e4 Nf6 5. f3 0-0 6. Be3 Nc6 7. Nge2 a6 8. Qd2 e5 9. d5 Na5 10. b3 b5 11. c5 Nd7 12. c6 b4 13. cxd7 bxc3 14. Qxc3 Bxd7 15. Qxa5 f5 16. Nc3 fxe4 17. Nxe4 Bf5 18. Bd3 Qh4+ 19. g3 Qe7 20. Bg5 Qf7 21. h4 Bd7 22. Rf1 Kh8 23. Rc1 Bb5 24. Bc4 h6 25. Be3 Rfd8 26. Qd2 Kh7 27. Bxb5 axb5 28. Rc6 Ra3 29. Qc1 Rxa2 30. Rxc7 Rd7 31. Rxd7 Qxd7 32. Rf2 Ra6 33. g4 Qd8 34. Kf1 Qxh4 35. Kg1 Qd8 36. Qf1 Qa8 37. Qxb5 Ra1+ 38. Kg2 Qd8 39. g5 Ra5 40. Qb7 1-0